000
00303nam a2200121Ia 4500
008
190802s9999 xx 000 0 und d
020
_a
978-81-265-7183-3
100
_a
Norman S. Nise
245
0
_a
Nise's Control Systems Engineering
260
_a
New Delhi
_b
Wiley
_c
2018
300
_a
919:p
942
_c
BK
999
_c
2567
_d
2567